000 01212nam a2200241 u 4500
001 000504406
003 AM-YeHGA
005 20250617134721.0
008 061017s1986 ||| r 000 0 rus d
040 _aAM-YeHGA
041 0 _arus
100 1 _aСимаков, Кирилл Владимирович
245 1 0 _aПроблема определения хроностратиграфических границ :
_b(На примере границы девона и карбона) /
_cК.В. Симаков; Отв. ред.: Н.А. Шило; АН СССР, Дальневост. науч. центр, СВКНИИ.
260 _aМосква :
_bБ. и.,
_c1986.
300 _a396 с. :
_b[35] отд. л. ил.
504 _aБиблиогр.: с. 340-394
653 0 _aДевонские отложения - Стратиграфия
653 0 _aКаменноугольные отложения - Стратиграфия
700 1 _aШило, Н.А.
_eред.
_4edt
710 2 _aСеверо-Восточный комплексный научно-исследовательский институт ДНЦ АН СССР
710 2 _aАкадемия наук СССР
090 _c188328
999 _c186865
_d186865